00548 2200169 4500001002100000005001700021008004100038035002400079082001100103090001500114245007300129260008000202300002700282500003100309650002300340990001500363YOGYA-0512000000008920120502005431.0 ind  0010-051200000000089 a819.63 a819.63 Lon aLONTARAK pannessaengngi bettuwanna nippiecH. Ahmad Yunus...[et al]. aJakartabBagian Proyek Penelitian dan Pengkajian Kebudayaan Nusantarac1993 aviii, 149 hlm.c21 cm. aBibliografi : hlm. 148-149 aKesusastraan Bugis a22448-A/95